LEADER 00841nam0-22003011i-450- 001 990006767280403321 005 20001010 035 $a000676728 035 $aFED01000676728 035 $a(Aleph)000676728FED01 035 $a000676728 100 $a20001010d--------km-y0itay50------ba 101 0 $aita 105 $ay-------001yy 200 1 $a<>European Community$ethe contradictions of integration$fAllan M. Williams 210 $aOxford-Cambridge$cBlackwell$d1992 215 $aXIV, 186 p. ill. 22 cm 225 1 $aIBG studies in geography$v 676 $a337.1 700 1$aWilliams,$bAllan M.$0140782 801 0$aIT$bUNINA$gRICA$2UNIMARC 901 $aBK 912 $a990006767280403321 952 $aVII A 330$b19872$fFSPBC 959 $aFSPBC 996 $aEuropean community$9501272 997 $aUNINA DB $aGEN01 LEADER 05821nam 22008415 450 001 9910483791603321 005 20251226195837.0 010 $a3-540-78199-4 024 7 $a10.1007/978-3-540-78199-8 035 $a(CKB)1000000000490332 035 $a(SSID)ssj0000316313 035 $a(PQKBManifestationID)11261615 035 $a(PQKBTitleCode)TC0000316313 035 $a(PQKBWorkID)10264023 035 $a(PQKB)11222228 035 $a(DE-He213)978-3-540-78199-8 035 $a(MiAaPQ)EBC3063021 035 $a(MiAaPQ)EBC6511647 035 $a(Au-PeEL)EBL6511647 035 $a(OCoLC)234312701 035 $a(PPN)123745888 035 $a(EXLCZ)991000000000490332 100 $a20100301d2008 u| 0 101 0 $aeng 135 $aurnn|008mamaa 181 $ctxt 182 $cc 183 $acr 200 10$aArabic and Chinese Handwriting Recognition $eSummit, SACH 2006, College Park, MD, USA, September 27-28, 2006, Selected Papers /$fedited by David Doermann, Stefan Jaeger 205 $a1st ed. 2008. 210 1$aBerlin, Heidelberg :$cSpringer Berlin Heidelberg :$cImprint: Springer,$d2008. 215 $a1 online resource (VIII, 279 p.) 225 1 $aImage Processing, Computer Vision, Pattern Recognition, and Graphics,$x3004-9954 ;$v4768 300 $aIncludes index. 311 08$a3-540-78198-6 320 $aIncludes bibliographical references and index. 327 $aVisual Recognition of Arabic Handwriting: Challenges and New Directions -- A Review on Persian Script and Recognition Techniques -- Human Reading Based Strategies for Off-Line Arabic Word Recognition -- Versatile Search of Scanned Arabic Handwriting -- A Two-Tier Arabic Offline Handwriting Recognition Based on Conditional Joining Rules -- Databases and Competitions: Strategies to Improve Arabic Recognition Systems -- Handwritten Chinese Character Recognition: Effects of Shape Normalization and Feature Extraction -- How to Deal with Uncertainty and Variability: Experience and Solutions -- An Efficient Candidate Set Size Reduction Method for Coarse-Classification in Chinese Handwriting Recognition -- Techniques for Solving the Large-Scale Classification Problem in Chinese Handwriting Recognition -- Recent Results of Online Japanese Handwriting Recognition and Its Applications -- Segmentation-Driven Offline Handwritten Chinese and Arabic Script Recognition -- Multi-character Field Recognition for Arabic and Chinese Handwriting -- Multi-lingual Offline Handwriting Recognition Using Hidden Markov Models: A Script-Independent Approach -- Handwritten Character Recognition of Popular South Indian Scripts -- Ensemble Methods to Improve the Performance of an English Handwritten Text Line Recognizer. 330 $aIn the fall of 2006, the University of Maryland, along with various government and industrial sponsors, invited leading researchers from all over the world to a two-day Summit on Arabic and Chinese Handwriting Recognition (SACH 2006). The event acted as a complement to the biennial Symposium on Document Image Understanding Technology (SDIUT), providing a focused glimpse into the state of the art in Arabic and Chinese handwriting recognition. It offered a forum for interaction with prominent researchers at the forefront of the scientific community and provided an opportunity for participants to help explore possible directions of the field. This book is a result of the expansion, peer review, and revision of selected papers presented at this meeting. Handwriting recognition remains the Holy Grail of document analysis, and Arabic and Chinese scripts embrace many of the most significant challenges. We are pleased to have 16 scientific papers covering the original topics of handwritten Arabic and Chinese, as well as 2 papers covering other handwritten scripts. We asked each author to not only describe the techniques used in addressing the problem, but to attempt to identify the key research challenges and problems that the community faces. The result is an impressive collection of manuscripts that provide various detailed views of the state of research. In this book, six articles deal directly with Arabic handwriting. ? Cheriet provides an overview of the problems of Arabic recognition and how systems can use natural language processing techniques to correct errors in lexicon-based systems. 410 0$aImage Processing, Computer Vision, Pattern Recognition, and Graphics,$x3004-9954 ;$v4768 606 $aImage processing$xDigital techniques 606 $aComputer vision 606 $aLinguistics 606 $aPattern recognition systems 606 $aDatabase management 606 $aInformation storage and retrieval systems 606 $aComputer Imaging, Vision, Pattern Recognition and Graphics 606 $aComputer Vision 606 $aLinguistics 606 $aAutomated Pattern Recognition 606 $aDatabase Management 606 $aInformation Storage and Retrieval 615 0$aImage processing$xDigital techniques. 615 0$aComputer vision. 615 0$aLinguistics. 615 0$aPattern recognition systems. 615 0$aDatabase management. 615 0$aInformation storage and retrieval systems. 615 14$aComputer Imaging, Vision, Pattern Recognition and Graphics. 615 24$aComputer Vision. 615 24$aLinguistics. 615 24$aAutomated Pattern Recognition. 615 24$aDatabase Management. 615 24$aInformation Storage and Retrieval. 676 $a006.424 702 $aJa?ger$b Stefan 702 $aDoermann$b David S$g(David Scott), 801 0$bMiAaPQ 801 1$bMiAaPQ 801 2$bMiAaPQ 906 $aBOOK 912 $a9910483791603321 996 $aArabic and Chinese Handwriting Recognition$9774413 997 $aUNINA LEADER 06087oam 2201033 c 450 001 9910372799103321 005 20260302090207.0 010 $a9783839407134 010 $a3839407133 024 7 $a10.14361/9783839407134 035 $a(CKB)3710000000482722 035 $a(OAPEN)1007610 035 $a(DE-B1597)461491 035 $a(OCoLC)1013956804 035 $a(OCoLC)958047014 035 $a(DE-B1597)9783839407134 035 $a(MiAaPQ)EBC5494256 035 $a(Au-PeEL)EBL5494256 035 $a(OCoLC)1049912317 035 $a(transcript Verlag)9783839407134 035 $a(MiAaPQ)EBC6955728 035 $a(Au-PeEL)EBL6955728 035 $a(oapen)https://directory.doabooks.org/handle/20.500.12854/27175 035 $a(ScCtBLL)427ef823-f1fa-4b77-9351-6b09899fd72e 035 $a(oapen)doab27175 035 $a(EXLCZ)993710000000482722 100 $a20260302h20152007 uy 0 101 0 $ager 135 $auuuuu---auuuu 181 $ctxt$2rdacontent 182 $cc$2rdamedia 183 $acr$2rdacarrier 200 00$aGeschlecht als Tabu$eOrte, Dynamiken und Funktionen der De/Thematisierung von Geschlecht$fUte Frietsch, Konstanze Hanitzsch, Jennifer John, Beatrice Michaelis 205 $a1st ed. 210 $aBielefeld$ctranscript Verlag$d2015 210 $d2015, c2007 215 $a1 online resource (270) 225 0 $aGenderCodes - Transkriptionen zwischen Wissen und Geschlecht 311 08$a9783899427134 311 08$a3899427130 327 $aFrontmatter 1 Inhalt 5 Der Wille zum Tabu als Wille zum Wissen 9 Tabu - Die kulturelle Grenze im Ko?rper 17 Two Boys. Eine Fotoarbeit 23 JUNG E N. Eine Anna?herung an die Fotoarbeit Two Boys von Christoph Burtscher 37 Zeichen der Scham - Fotografische Fallstudien um 1900 43 Frauen im Deutschen Bundestag. Indizien und Funktion der Tabuisierung von Exklusion 63 Ein Ku?nstler ist ein Ku?nstler ist ein Ku?nstler. Museale Inszenierungen von fortwa?hrenden Genies 79 »Meine Da?monen fu?ttern«: Paradoxe Bearbeitungen von Geschlechtertabus in der sadomasochistischen Subkultur 99 Sciences/Silences - Die Naturen und Sprachen der ?Sodomie? in Petrus' von Abano Problemata-Kommentar 117 Recht verschwiegen: Das ?Tabu? der Sodomie in der Sprache des spa?tmittelalterlichen Rechts 141 Der Inzest als Symptom der Shoah: Zur Wiederkehr des Verdra?ngten in Max Frischs Homo faber und Ingeborg Bachmanns Malina 155 (Ent-)Tabuisiertes Erza?hlen: Sexuelle Gewalt an ?deutschen? Frauen am Ende des Zweiten Weltkriegs 171 Das ?unsa?gliche? Verbrechen. U?berlegungen zur Tabuisierung von sexueller Gewalt im Spielfilm 187 Das unendliche Geschlecht - Lo?cher und Lu?cken im Gewebe der Mathematik 205 »Seine erstorbenen Augen verkannten alle Gegensta?nde, die um ihn waren«. Das Tabu der Onanie und die Bedeutung von Wissen im 18. und 19. Jahrhundert 217 Feminismus und Psychoanalyse heute: Tabubruch inkludiert 231 Der Wille zum Tabu: O?dipus, Iokaste und der Cyborg 245 Autorinnen und Autoren 263 Backmatter 269 330 $aDieser Band wendet den ethnologischen Tabu-Begriff auf die eigene, abendländische Kultur und Gesellschaft an. Er erforscht die Produktion des Wissensfeldes »Geschlecht«.Aus der Perspektive verschiedener wissenschaftlicher Disziplinen wird untersucht, auf welche Weise Geschlecht und Sexualität in das Wissen von Wissenschaft, Fotografie, Film, Literatur, Kultur und Subkultur ein- oder explizit ausgeschlossen werden. Welcher »Wille« motiviert die Thematisierung von Geschlecht, welcher die Dethematisierung? Wie wird ein Tabu durch ein anderes ersetzt? Und aus welchem Grund kann Geschlecht zugleich ein Tabu und ein Feld des Wissens sein?Mit Beiträgen u.a. von Marie-Luise Angerer, Joan Cadden und Bettina Mathes. 330 1 $a»Mit rund 500 Seiten liefert dieser breit angelegte Sammelband nicht nur für die feministische Forschung, sondern auch für die historiographische Mainstreamforschung erstmals einen längst überfälligen, disziplinübergreifenden Beitrag zur Bedeutung der Kategorie Geschlecht im ?Dritten Reich? auf hohem wissenschaftlich-analytischem Niveau.« 330 1 $aBesprochen in:Gigi, 26 (2009), Karsten Bujara 330 1 $a»Ein interessanter Band, der nicht als Einführung, sondern für eine intensive Auseinandersetzung mit der Thematik zu empfehlen ist.« 410 0$aGenderCodes - Transkriptionen Zwischen Wissen und Geschlecht 517 2 $aFrietsch et al. (Hg.), Geschlecht$eOrte, Dynamiken und Funktionen der De/Thematisierung von Geschlecht 606 $aSexualität 606 $aSexuality 606 $aKultur 606 $aCulture 606 $aWissenschaft 606 $aScience 606 $aGender 606 $aTabu 606 $aGender Studies 606 $aCultural Studies 606 $aCultural Theory 606 $aKulturtheorie 606 $aBody 606 $aKörper 606 $aKulturwissenschaft 615 4$aSexualität 615 4$aSexuality 615 4$aKultur 615 4$aCulture 615 4$aWissenschaft 615 4$aScience 615 4$aGender 615 4$aTabu 615 4$aGender Studies 615 4$aCultural Studies 615 4$aCultural Theory 615 4$aKulturtheorie 615 4$aBody 615 4$aKörper 615 4$aKulturwissenschaft 676 $a305.3 686 $aMS 2850$2rvk 702 $aFrietsch$b Ute$p

Ute Frietsch, Herzog August Bibliothek Wolfenbüttel, Deutschland

$4edt 702 $aHanitzsch$b Konstanze$p

Konstanze Hanitzsch, Gender- und Literaturwissenschaftlerin, Deutschland

$4edt 702 $aJohn$b Jennifer$p

Jennifer John, Zürcher Hochschule der Künste, Schweiz

$4edt 702 $aMichaelis$b Beatrice$p

Beatrice Michaelis, Humboldt-Universität zu Berlin, Deutschland

$4edt 801 0$bDE-B1597 801 1$bDE-B1597 906 $aBOOK 912 $a9910372799103321 996 $aGeschlecht als Tabu$94415607 997 $aUNINA